000 00554nam a22002057a 4500
003 DO-SdBNP
005 20180220111051.0
008 151102b sp||||| |||| 00| 0 spa d
020 _a8434827093
040 _aBPMSU
_bspa
_cBPMSU
100 _aDomínguez, Carlos-Guillermo
245 _aEl hombre de otra galaxia /
_cCarlos - Guillermo Domínguez
250 _a4ta ed.
260 _aMadrid :
_bSM
_c1992
300 _a106 p. :
_bil.
490 _aEl barco de vapor
942 _2ddc
_cBK
945 _aInventariado, 2018 / BT
956 _adaysi garcia
999 _c8500
_d8500